| 000 | 00797cam a2200265 4500 | ||
|---|---|---|---|
| 001 | ABS65474 | ||
| 008 | 020520n2002 000 0 eng u | ||
| 035 | _a(Sirsi) u118040 | ||
| 245 | _aFocus 2002: Bristol, Bath and Swindon | ||
| 260 | _c2002 | ||
| 490 |
_aEstates Gazette _v(0219) 11 May 2002, 63-109(22) |
||
| 590 | _aABS | ||
| 650 | _aPROPERTY-COMMERCIAL PROPERTY-RETAIL PROPERTY-RETAIL PROPERTY MARKET | ||
| 650 | _aLEISURE MARKET | ||
| 650 | _aPROPERTY-COMMERCIAL PROPERTY-OFFICE PROPERTY-OFFICE PROPERTY MARKET | ||
| 650 | _aINDUSTRIAL MARKET | ||
| 650 | _aBRISTOL | ||
| 650 | _aBATH | ||
| 650 | _aSWINDON | ||
| 650 | _aREGENERATION | ||
| 650 | _aLIGHT RAPID TRANSIT | ||
| 650 | _aLRT | ||
| 690 | _aPROPERTY-COMMERCIAL PROPERTY-COMMERCIAL PROPERTY MARKET | ||
| 942 | _n0 | ||
| 999 |
_c70283 _d70283 |
||